| 000 | 00647cam a2200217u 4500 | ||
|---|---|---|---|
| 001 | 7929391 | ||
| 003 | ARRUPE | ||
| 005 | 20140403142300.0 | ||
| 008 | 810312s1953 xx 000 0 eng | ||
| 010 | _a 55059361 | ||
| 040 |
_aDLC _cCarP _dDLC |
||
| 043 | _af-rh--- | ||
| 050 | 0 | 0 |
_aSPC S517.R5 _bT7 1953 |
| 100 | 1 |
_aTracey, L. T. [from old catalog] _99774 |
|
| 245 | 1 | 0 | _aApproach to farming in Southern Rhodesia. |
| 260 |
_a[3d. _aed.] _aLondon, _bUniversity of London Press _c[1953] |
||
| 300 |
_a428p.; _c22cm. |
||
| 650 | 0 |
_aAgriculture _zZimbabwe. _99775 |
|
| 906 |
_a0 _bcbc _cpremunv _du _encip _f19 _gy-gencatlg |
||
| 942 |
_2lcc _cMONOGRAPH |
||
| 999 |
_c120382 _d120382 |
||